Updated Top 5 Cities in Texas by Population - Statistics

General Stats
  • This quiz has been taken 97 times
  • The average score is 5 of 5
Answer Stats
County City % Correct
Harris Houston
100%
Travis Austin
96%
--------- Dallas
96%
Bexar San Antonio
92%
Tarrant Fort Worth
86%
No matching quizzes found
Score Distribution
Percent of People with Each Score
Percentile by Number Answered
Your Score History
You have not taken this quiz